| 000 | 00472nam a2200193Ia 4500 | ||
|---|---|---|---|
| 008 | 180207s9999 xx 000 0 und d | ||
| 020 | _a9781848353176 | ||
| 050 | _bG464 2008 | ||
| 100 | _aGilbert, Adrian | ||
| 245 | _aSpy school / | ||
| 245 | _cby Adrian Gilbert. | ||
| 260 | _aLondon : | ||
| 260 | _bQEB Publishing, | ||
| 260 | _c2008 | ||
| 300 | _a32 pages : | ||
| 300 | _bcolor illustrations ; | ||
| 300 | _c29cm. | ||
| 650 | _aIncludes glossary and index. | ||
| 999 |
_c355865 _d355865 |
||